Distributed coordination of multi-agent networks (Record no. 33156)
[ view plain ]
| 000 -LEADER | |
|---|---|
| fixed length control field | 01359cam a22003857a 4500 |
| 001 - CONTROL NUMBER | |
| control field | 8785613 |
| 003 - CONTROL NUMBER IDENTIFIER | |
| control field | OSt |
| 005 - DATE AND TIME OF LATEST TRANSACTION | |
| control field | 20210909101600.0 |
| 006 - FIXED-LENGTH DATA ELEMENTS--ADDITIONAL MATERIAL CHARACTERISTICS | |
| fixed length control field | m d |
| 007 - PHYSICAL DESCRIPTION FIXED FIELD--GENERAL INFORMATION | |
| fixed length control field | cr n |
| 008 - FIXED-LENGTH DATA ELEMENTS--GENERAL INFORMATION | |
| fixed length control field | 100927s2011 enka sb 001 0 eng d |
| 020 ## - INTERNATIONAL STANDARD BOOK NUMBER | |
| International Standard Book Number | 9780857291684 |
| 035 ## - SYSTEM CONTROL NUMBER | |
| System control number | (WaSeSS)ssj0000476072 |
| 038 ## - RECORD CONTENT LICENSOR | |
| Staff Name | khadija |
| 040 ## - CATALOGING SOURCE | |
| Original cataloging agency | DLC |
| Transcribing agency | DLC |
| Modifying agency | DLC |
| -- | WaSeSS |
| 042 ## - AUTHENTICATION CODE | |
| Authentication code | pcc |
| 050 #4 - LIBRARY OF CONGRESS CALL NUMBER | |
| Classification number | QA76.76.I58 |
| Item number | D57 2011 |
| 050 #4 - LIBRARY OF CONGRESS CALL NUMBER | |
| Classification number | QA76.76.I58 |
| 082 ## - DEWEY DECIMAL CLASSIFICATION NUMBER | |
| Classification number | 229.83 |
| Author Mark | REN |
| 100 ## - MAIN ENTRY--PERSONAL NAME | |
| Personal name | Ren, Wei |
| 9 (RLIN) | 82277 |
| 210 10 - ABBREVIATED TITLE | |
| Abbreviated title | Distributed coordination of multi-agent networks |
| 245 00 - TITLE STATEMENT | |
| Title | Distributed coordination of multi-agent networks |
| Remainder of title | emergent problems, models, and issues / |
| Statement of responsibility, etc. | Wei Ren, Yongcan Cao. |
| 260 ## - PUBLICATION, DISTRIBUTION, ETC. | |
| Place of publication, distribution, etc. | London ; |
| -- | New York : |
| Name of publisher, distributor, etc. | Springer-Verlag |
| Date of publication, distribution, etc. | c2011. |
| 504 ## - BIBLIOGRAPHY, ETC. NOTE | |
| Bibliography, etc. note | Includes bibliographical references (p. 291-304) and index. |
| 506 ## - RESTRICTIONS ON ACCESS NOTE | |
| Terms governing access | License restrictions may limit access. |
| 563 ## - BINDING INFORMATION | |
| Binding note | hardcover |
| 650 #0 - SUBJECT ADDED ENTRY--TOPICAL TERM | |
| Topical term or geographic name entry element | Multiagent systems |
| General subdivision | Mathematical models. |
| 9 (RLIN) | 82278 |
| 650 #0 - SUBJECT ADDED ENTRY--TOPICAL TERM | |
| Topical term or geographic name entry element | Automatic control. |
| 9 (RLIN) | 26207 |
| 700 1# - ADDED ENTRY--PERSONAL NAME | |
| Personal name | Ren, Wei. |
| 9 (RLIN) | 82277 |
| 700 1# - ADDED ENTRY--PERSONAL NAME | |
| Personal name | Cao, Yongcan. |
| 9 (RLIN) | 82279 |
| 773 #0 - HOST ITEM ENTRY | |
| Title | SpringerLink ebooks - Engineering (2011) |
| 856 40 - ELECTRONIC LOCATION AND ACCESS | |
| Uniform Resource Identifier | <a href="http://www.columbia.edu/cgi-bin/cul/resolve?clio8785613">http://www.columbia.edu/cgi-bin/cul/resolve?clio8785613</a> |
| Public note | Full text available from SpringerLink ebooks - Engineering (2011) |
| 910 ## - USER-OPTION DATA (OCLC) | |
| User-option data | Library of Congress record |
| 942 ## - ADDED ENTRY ELEMENTS (KOHA) | |
| Source of classification or shelving scheme | |
| Koha item type | Book |
| Withdrawn status | Lost status | Source of classification or shelving scheme | Damaged status | Not for loan | Permanent Location | Current Location | Shelving location | Date acquired | Full call number | Barcode | Date last seen | Price effective from | Koha item type | Public note |
|---|---|---|---|---|---|---|---|---|---|---|---|---|---|---|
| School of Mechanical & Manufacturing Engineering (SMME) | School of Mechanical & Manufacturing Engineering (SMME) | General Stacks | 01/01/2016 | 299.83 REN | SMME-1936 | 03/29/2018 | 01/01/2016 | Book | Rack,49-Shelf,1 |
